书目信息 |
| 题名: |
雪莱抒情诗精选
|
|
| 作者: | 江枫 译 | |
| 分册: | ||
| 出版信息: | 西安 太白文艺出版社 1997.04 |
|
| 页数: | 427页 | |
| 开本: | 32开 | |
| 丛书名: | ||
| 单 册: | ||
| 中图分类: | I516.2 | |
| 科图分类: | ||
| 主题词: | 文学 | |
| 电子资源: | ||
| ISBN: | 7-80605-466-9 | |
| 000 | 00535nam0 2200193 45 | |
| 001 | 0011061057 | |
| 005 | 20001111172111.7 | |
| 010 | @a7-80605-466-9@d17.10元 | |
| 100 | @a20001106d1997 km y0chiy0120 ea | |
| 101 | 0 | @achi |
| 105 | @a z 000yy | |
| 200 | 1 | @a雪莱抒情诗精选@AXue Lai Shu Qing Shi Jing Xuan@f江枫译@FJiang Feng Yi |
| 210 | @a西安@c太白文艺出版社@d1997.04 | |
| 215 | @a427页@d32开 | |
| 606 | 0 | @a文学 |
| 690 | @aI516.2@v3 | |
| 701 | 0 | @a江枫@4译 |
| 801 | @aCN@bPftUser@c20001106 | |
| 905 | @dI516.2@eJ.266@b402373-374@f2 | |
| 雪莱抒情诗精选/江枫译.-西安:太白文艺出版社,1997.04 |
| 427页;32开 |
| ISBN 7-80605-466-9:17.10元 |
| ● |
| 相关链接 |
|
|
|
正题名:雪莱抒情诗精选
索取号:I516.2/J.266
 
预约/预借
| 序号 | 登录号 | 条形码 | 馆藏地/架位号 | 状态 | 备注 |
| 1 | 402373 | 204023733 | 社科二线400B/400B社科库 20排1列4层/ [索取号:I516.2/J.266] | 在馆 | |
| 2 | 402374 | 204023742 | 社科二线400B/400B社科库 28排1列6层/ [索取号:I516.2/J.266] | 在馆 |